000 00732pam a2200265 a 4500
999 _c9801
_d9801
001 9801
003 BD-JhCC
005 20180401095700.0
008 850621s1986 nyua 001 0 eng
020 _a0827322232
035 _a(BD-JhCC)9801
040 _aDLC
_cDLC
_dDLC
_dBD-JhCC
041 _aeng
050 0 0 _aT353
_b.G63 1986
082 0 0 _a604.2/4
_219
_bGOE 1986
100 1 _aGoetsch, David L.
245 1 0 _aTechnical drawing and design /
_cDavid L. Goetsch, John A. Nelson.
260 _aAlbany, N.Y. :
_bDelmar Publishers,
_cc1986.
300 _axi, 747 p. :
_bill. ;
_c29 cm.
500 _aIncludes index.
650 0 _aMechanical drawing.
700 1 _aNelson, John A.,
_d1935-
942 _2ddc
_cBK